| 000 | 00814nam a22002297a 4500 | ||
|---|---|---|---|
| 003 | UA-OsUOA | ||
| 001 | 20310 | ||
| 007 | ta | ||
| 008 | 20031021b un ||||| |||| 00| 0 ukr d | ||
| 090 |
_a908: 947(477) _bР49 |
||
| 942 | _cBK | ||
| 040 |
_aUA-OsUOA _bukr _cUA-OsUOA _dUA-OsUOA |
||
| 245 |
_aРівненщина репресована, депортована, мордована 1939-1941 _bМатеріали громадських історико-правових слухань у Рівному 9 червня 1996 року _cП.Василик Г.Дем'янчук Л.Рибенко Є.Шморгун В.Ящук |
||
| 300 | _a91 с. | ||
| 955 | _a0 | ||
| 041 | _aukr | ||
| 080 | _a908: 947(477) | ||
| 260 |
_aРівне _bАзалія _c1997 |
||
| 044 | _aUA | ||
| 650 | 7 | _2UDC | |
| 999 |
_c306486 _d306486 |
||